01389nam a2200241Ia 450000100060000000300090000600800410001504000130005604000130006904100130008210000300009510000290012524500210015424500210017525000110019626000100020726000110021726000490022830000570027750007580033465000240109265000310111688986IT-RoPAU130308s9999 xx 000 0 und d aIT-RoPAU cIT-RoPAU aFRANCESE aBartoli-Anglard Veronique gCodice Aut. SPICS: 31915 aSurrealisme (Le) bSurrealisme (Le) a1a ed. aPARIS bNathan c1989 [1° Ed.:1989 - Ed.Ling.Originale:1989] a"160 p. (prefazione: no ; testo: 160 [pagine: 0-0])" aArte in cambiamento sorgenti del surrealismo Romanticismo Simbolismo Fantastico Prese di posizione surrealiste Nascita del comunismo Anti Cultura Dada Andre' Breton e Il gruppo Grandi Opzioni del Movimento Alla Ricerca di un Linguaggio Scrittura Automatica Dare Forma Umana al Linguaggio Aprire le Porte al Surreale Immaginazione surrealista Trascrizione del sogno Fantastico e follia Amore forza di liberazione Visione Mitica della donna Alla Ricerca di Nuovi Miti Mito collettivo Teoria della Sorte Obiettiva Pittura surrealista Poesia e Pittura Tecniche per un'arte vivente Teatro e Cinema Mondo in Movimento Cinema del Surreale Ricerca dell'Assoluto e dell'Eccezionale Espressione della Rivolta Permanente piccola Cronologia surrealista Bibliografia aSAGGI DI ICONOLOGIA eCodice materia Spics: 5161